Score 0/11 Timer 03:00
2 Plays Today
Scramble Answer % Correct
RAKDDark
97.9%
OESHShoe
95.2%
APLEPale
93.2%
WOEPRPower
89.8%
RCYAZCrazy
89.7%
RECARace
87.3%
RTUAERQQuarter
85.2%
NJAORTTrojan
67.9%
Word in common with all of the above:Horse
60.5%
SEEARTHFFeathers
51.9%
RSREIHEWPWhisperer
32%
Remove Ads.
Support Sporcle.
Get the best of Sporcle when you Go Orange. This ad-free experience offers more features, more stats, and more fun while also helping to support Sporcle. Thank you for becoming a member.

You're not logged in!

Compare scores with friends on all Sporcle quizzes.
OR
Log In

Show Comments

Extras

Top Quizzes Today


Score Distribution

Your Account Isn't Verified!

In order to create a playlist on Sporcle, you need to verify the email address you used during registration. Go to your Sporcle Settings to finish the process.

Report this User

Report this user for behavior that violates our Community Guidelines.

Details: